all eredivisie winners. - Statistics

General Stats
  • This quiz has been taken 19 times
  • The average score is 11 of 29
Answer Stats
how many Answer % Correct
36 ajax
100%
16 feyenoord
100%
26 psv
100%
1 sv limburgia
100%
1 fc twente
86%
2 az
71%
6 sparta
64%
2 hsv ado
43%
10 hvv den haag
43%
1 nac
43%
1 evv eindhoven
36%
4 go ahead
36%
1 haarlem
36%
3 hbs den haag
36%
3 koninklijke hfc haarlem
36%
1 sc enschede
36%
2 heracles
29%
3 willem ll
29%
1 dws afc
21%
1 rapid jc
21%
1 voc rotterdam
21%
1 avv dos
14%
1 be quick
14%
5 rap amsterdam
14%
1 quick
7%
1 asc de volewijckers
0%
1 bvv
0%
2 rch
0%
1 svv schiedam
0%
No matching quizzes found
Score Distribution
Percent of People with Each Score
Percentile by Number Answered
Your Score History
You have not taken this quiz